| 000 | 01385nam0a22002771 4500 | ||
|---|---|---|---|
| 001 | v19\rc\1246258 | ||
| 005 | 20260407051902.0 | ||
| 035 | _a(NLR Aleph) 004403355 | ||
| 090 |
_a3907453 _c3907453 |
||
| 100 | _a20060306e18881888|||y0rusy50 ca | ||
| 101 | 0 | _arus | |
| 102 | _aRU | ||
| 105 | _ay b ||||| | ||
| 200 | 1 |
_a!А. Извлечение из Каталога Главной библиотеки _aБ. Собрание карт, планов и чертежей _aВ. Описание геометрических и геодезических инструментов _fИн-т инж. пут. сообщ. |
|
| 210 |
_aСанкт-Петербург _d1888 |
||
| 215 |
_a[4], 110 с. _d23 |
||
| 488 | 0 |
_12001#$aКаталог Главной библиотеки _tКаталог Главной библиотеки |
|
| 517 | 0 | _aИзвлечение из Каталога Главной библиотеки | |
| 517 | 0 | _aСобрание карт, планов и чертежей | |
| 517 | 0 | _aОписание геометрических и геодезических инструментов | |
| 710 | 0 | 2 |
_aИнститут инженеров путей сообщения _cПетербург _bБиблиотека _3RU\NLR\AUTH\8810021289 _9540535 |
| 801 | 0 |
_aRU _bNLR _gpsbo |
|
| 801 | 1 |
_aRU _bProSoft-M _2rusmarc |
|
| 852 |
_aNLR _bБ _j9280/П29 |
||
| 942 | _cBOOK | ||
| 980 | _aNB | ||